Catálogo

IMPERIALISMO Y URBANIZACION EN AMERICA LATINA (Registro nro. 12375)

Detalles MARC
000 -LEADER
fixed length control field 00429nam a2200157 a 4500
001 - CONTROL NUMBER
control field 12375
005 - DATE AND TIME OF LATEST TRANSACTION
control field 20180713200631.0
008 - FIXED-LENGTH DATA ELEMENTS--GENERAL INFORMATION
fixed length control field 140415s1973 sp 000 0 spa d
041 ## - LANGUAGE CODE
Language code of text/sound track or separate title spa
082 ## - DEWEY DECIMAL CLASSIFICATION NUMBER
Classification number 711
Item number CIE
245 00 - TITLE STATEMENT
Title IMPERIALISMO Y URBANIZACION EN AMERICA LATINA
250 ## - EDITION STATEMENT
Edition statement 1a ed.
260 ## - PUBLICATION, DISTRIBUTION, ETC.
Place of publication, distribution, etc. ESPAÑA :
Name of publisher, distributor, etc. G.GILI,
Date of publication, distribution, etc. 1973
490 ## - SERIES STATEMENT
Series statement CIENCIA URBANISTICA
Volume/sequential designation 12
650 14 - SUBJECT ADDED ENTRY--TOPICAL TERM
Topical term or geographic name entry element URBANISMO
General subdivision AMERICA LATINA
Existencias
Withdrawn status Lost status Source of classification or shelving scheme Damaged status Not for loan Collection code Home library Current library Shelving location Date acquired Source of acquisition Inventory number Total Checkouts Full call number Barcode Date last seen Price effective from Koha item type
    Dewey Decimal Classification     General Biblioteca Karol Wojtyla Biblioteca Karol Wojtyla Área de silencio 03/12/2013 Compra 151000000000000000028292   711 CIE 28329 05/01/2026 03/12/2013 Libro